000 01878cam a2200253 4500
001 ABS68440
008 041110n2004 000 0 eng u
035 _a(Sirsi) u127934
245 _aTenancy deposits
260 _c2004
490 _aLetting Update Journal
_v12(3) October 2004,15-16(2)
520 _aAnalyses the latest government proposals for a tenancy deposit scheme in the Housing Bill 2003 ss201-04 (ss206-09 in Housing Bill as amended on report 20 October 2004) through which all rental deposits held in relation to private sector lettings would be protected and subject to regulation. Looks at the potential effects of the proposed scheme on the letting industry, how deposit disputes would be settled, who would pay the set-up and running costs of the new deposit-taking schemes, the procedures to be followed by landlords and agents and what actions tenants will be able to take against them if they do not comply with the new deposit-taking provisions. No timetable has yet been issued for the introduction of tenancy deposit regulations. Summarises the pros and cons for the letting industry of the deposit scheme proposals. The Housing Bill as amended on report 20 October 2004 is available at www.parliament.uk.
590 _aABS
590 _aABS
650 _aS21 NOTICES
650 _aHOUSING BILL 2003 SS206-209
650 _aLETTINGS MARKET
650 _aTENANCY DEPOSIT SCHEME (TDS)
650 _aTENANCY DEPOSITS
690 _aHOUSING-PRIVATE RENTED SECTOR
856 _uhttps://www.publications.parliament.uk/pa/ld200304/ldbills/118/2004118.htm
_zView the Housing Bill as amended on report 20 October 2004 on the UK parliament website...
856 _uhttps://www.publications.parliament.uk/pa/ld200304/ldbills/118/2004118.htm
_zView the Housing Bill as amended on report 20 October 2004 on the UK parliament website...
942 _n0
999 _c118288
_d118288